00599nam a2200193Ia 4500003000900000008004100009040001600050080001300066100003000079245006800109260003000177300001400207650001900221650003500240650002200275942000700297999001300304952008800317IN-BaIIA211028s9999 xx 000 0 eng d cIIA Library a770bMEE aMees, Kenneth C. E.91830 4aThe theory of the photographic processcC. E. Kenneth Mees  aNew YorkbMacmillanc1945 ax, 1124p. aNASA Thesaurus aPhotographic sensitivity92072 aPhotography92073 cBK c964d964 00104070aBANbKODcGENd0000-00-00l0o770/ MEEp998r2021-11-05w0000-00-00yBK